| 000 | 00925nam a22003017a 4500 | ||
|---|---|---|---|
| 003 | CHAP | ||
| 005 | 20220329140326.0 | ||
| 008 | 971013s1977 us a r 00010 eng d | ||
| 010 | _a50421 | ||
| 011 | _a51393 | ||
| 035 | _a55543 | ||
| 040 | _cCHAP | ||
| 082 | 0 | 4 |
_a574 _bV5 1977 |
| 100 | 0 | 0 |
_aVillee, Claude Alvin. _9119736 |
| 245 | 1 | _aBiology | |
| 250 | _a7 ed. | ||
| 260 |
_aPhiladelphia, Pa., : _bSaunders, _c1977 |
||
| 300 |
_a870 p. _b; apénd. : ilus. |
||
| 590 |
_aBATCH-UPD _b10 _c20130110 _lUCH01 _h1805 |
||
| 590 |
_aBATCH-UPD _b10 _c20130410 _lUCH01 _h1141 |
||
| 590 |
_aBATCH-UPD _b10 _c20130914 _lUCH01 _h0634 |
||
| 590 |
_aCONVERSION _b10 _c20130109 _lUCH01 _h1327 |
||
| 650 | 1 | 4 |
_aBiología. _912773 |
| 901 | _aBK | ||
| 942 | _cLIBRO | ||
| 949 |
_a574 V5 1977 _bBC _cLIBRO _d33724000821195 _eLIBRO _h55443 _i55543 _si _t851.00 |
||
| 949 |
_a574 V5 1977 _bBC _cLIBRO _d33724000929485 _eLIBRO _fc.2 _h55444 _i55543 _si _t851.00 |
||
| 999 |
_c50421 _d50421 |
||